| 000 | 00324cam a22001097a 4500 | ||
|---|---|---|---|
| 008 | 180718b1960 xxu||||| |||| 00| 0 eng d | ||
| 082 | _aA75 B489MO | ||
| 100 | _aRoy Chaudhury, P.C. | ||
| 245 |
_aBihar district gazetteers: Monghyr _cby P.C. Roy Chaudhury |
||
| 260 |
_aPatna _bBihar District Gazetteers _c1960 |
||
| 300 | _a554+p. | ||
| 999 |
_c486950 _d486950 |
||